000 00275nam a2200109Ia 4500
001 588673
005 20250717120836.0
008 250717s9999 xx 000 0 und d
245 0 _aY-2 TRUVANIN İNTİKAMI
_cERHAN AFYONCU
260 _bYEDİTEPE YAYINLARI
_c2019
300 _b304
999 _c588673
_d588673